[Event "CRO-ch U17"]
[Site "Bjelolasica"]
[Date "2008.07.24"]
[Round "7"]
[White "Skific, Danijel"]
[Black "Havas, Juraj"]
[Result "1/2-1/2"]
[WhiteElo "1786"]
[BlackElo "1926"]
[PlyCount "117"]
[EventDate "2008.07.20"]
[EventType "swiss"]
[EventRounds "9"]
[EventCountry "CRO"]
[SourceTitle "CBM 125 Extra"]
[Source "ChessBase"]
[SourceDate "2008.09.01"]
[SourceVersion "1"]
[SourceVersionDate "2008.09.01"]
[SourceQuality "1"]

1. e4 c5 2. c3 d5 3. exd5 Qxd5 4. d4 Nc6 5. Nf3 Bg4 6. Be2 cxd4 7. cxd4 e6 8. Nc3 Qa5 9. a3 Nf6 10. 0-0 Be7 11. Be3 0-0 12. b4 Qd8 13. Qb3 Nd5 14. Nxd5 exd5 15. h3 Be6 16. Rfd1 Bf6 17. Rac1 Rc8 18. Bd3 h6 19. Qb2 Qd6 20. b5 Ne7 21. Ne5 Nf5 22. Bd2 Nxd4 23. Qxd4 Bxe5 24. Qxa7 Qd7 25. Qe3 Rxc1 26. Bxc1 Bd6 27. Bb2 Be7 28. f4 Re8 29. Qg3 Bc5+ 30. Kh1 d4 31. Re1 Bd5 32. Rxe8+ Qxe8 33. Qf2 Qe3 34. Qxe3 dxe3 35. Kh2 Bb3 36. Be2 f6 37. g4 Bd6 38. Kg3 g5 39. Bxf6 gxf4+ 40. Kg2 Kf7 41. Bb2 Bd5+ 42. Bf3 Ke6 43. a4 Bb4 44. Bxd5+ Kxd5 45. Kf3 Kc4 46. Ke2 Kd5 47. Kf3 Kc4 48. Ke2 Be7 49. Be5 Bg5 50. h4 Bxh4 51. Bxf4 Bg5 52. Bxe3 Kb4 53. Bf2 Kxa4 54. b6 Kb5 55. Kf3 Kc6 56. Ke4 Kd6 57. Kf5 Kd5 58. Bg1 Kc4 59. Bf2 1/2-1/2

[Event "CRO-ch U17"]
[Site "Bjelolasica"]
[Date "2008.07.20"]
[Round "1"]
[White "Skific, Danijel"]
[Black "Vujec, Ivan"]
[Result "0-1"]
[WhiteElo "1786"]
[BlackElo "1959"]
[PlyCount "30"]
[EventDate "2008.07.20"]
[EventType "swiss"]
[EventRounds "9"]
[EventCountry "CRO"]
[SourceTitle "CBM 125 Extra"]
[Source "ChessBase"]
[SourceDate "2008.09.01"]
[SourceVersion "1"]
[SourceVersionDate "2008.09.01"]
[SourceQuality "1"]

1. e4 c6 2. d4 d5 3. f3 e6 4. e5 c5 5. c3 Nc6 6. Be3 cxd4 7. Bxd4 Nxd4 8. cxd4 Qb6 9. b3 Bb4+ 10. Kf2 h5 11. a3 Be7 12. Nc3 Bd7 13. b4 a6 14. Rc1 Rc8 15. Na4 Rxc1 0-1

[Event "CRO-ch U17"]
[Site "Bjelolasica"]
[Date "2007.08.02"]
[Round "6"]
[White "Novak, Ivan2222"]
[Black "Skific, Danijel"]
[Result "0-1"]
[WhiteElo "2041"]
[BlackElo "1750"]
[PlyCount "64"]
[EventDate "2007.07.30"]
[EventType "swiss"]
[EventRounds "9"]
[EventCountry "CRO"]
[SourceTitle "CBM 119 Extra"]
[Source "ChessBase"]
[SourceDate "2007.09.04"]
[SourceVersion "1"]
[SourceVersionDate "2007.09.04"]
[SourceQuality "1"]

1. e4 e6 2. d4 d5 3. Nd2 Nf6 4. e5 Nfd7 5. Bd3 c5 6. c3 Nc6 7. Ne2 Be7 8. 0-0 Qb6 9. Nf3 f6 10. exf6 Nxf6 11. b3 Bd7 12. Bf4 cxd4 13. cxd4 Nb4 14. Bb1 Rc8 15. a3 Nc6 16. Re1 0-0 17. Qd3 Ne4 18. Bg3 Na5 19. Nd2 Bb5 20. Qe3 Nxd2 21. Qxd2 Nxb3 22. Qe3 Nxa1 23. Nf4 Bg5 24. h4 Bxf4 25. Bxf4 Nc2 26. Bxc2 Rxc2 27. h5 Re2 28. Rxe2 Bxe2 29. h6 Qb1+ 30. Kh2 Qe4 31. hxg7 Qxf4+ 32. Kg1 Qxf2+ 0-1